Microsoft Products - Statistics

General Stats
  • This quiz has been taken 25 times
  • The average score is 7 of 25
Answer Stats
Answer % Correct
Word
83%
Excel
78%
PowerPoint
78%
Outlook
50%
Access
44%
Xbox
44%
Microsoft 365
39%
Onenote
33%
Teams
33%
OneDrive
28%
To Do
28%
Bing
22%
Linked In
22%
SharePoint
22%
Minecraft
17%
Forms
11%
Sway
11%
Visio
11%
Microsoft Defender
6%
MSN
6%
Project
6%
Lens
0%
Microsoft Developer Network
0%
Microsoft Solver
0%
Office Online
0%
No matching quizzes found
Score Distribution
Percent of People with Each Score
Percentile by Number Answered
Your Score History
You have not taken this quiz